Quizzes
Events
Quiz Creation
Community
Videos
Private Events
Remove Ads
Sign In
Join for FREE
Feedback
Dark Mode
Quiz Categories
Sports
Geography
Music
Movies
Television
Just For Fun
Miscellaneous
History
Literature
Language
Science
Gaming
Entertainment
Religion
Holiday
For Kids
Quiz Lab
Recent
Popular Today
Quiz Kudos Today
Editor Picks
Curator Picks
Quizzes by...
Day
Popularity
Type
Ratings
Length
Year
Community
Subscriptions
Recent Discussions
Orange Saloon
Badges
Playlists
Quests
Create
Leaderboards
Showdown
Live 5
Trivia Bingo
Activity
Puzzle Library
Sporcle Events
Private Events
Virtual Trivia
Globe League
Become a Host
Pub Owners
SporcleCon
Opinionation
Our Games
Videos
Blog
Mobile Apps
Partnerships
Remove Ads and Go Orange
Feedback
Music
Pop Music
The Beatles
Song
Album
Lyrics
Bands
Singers
Artist
Clip
Rock
Rap
Classical
Billboard
Country Music
Kpop
Taylor Swift
Music
Pop Music
The Beatles
Song
Album
Lyrics
Bands
Singers
Artist
Clip
Rock
Rap
Classical
Billboard
Country Music
Kpop
Taylor Swift
Random Quiz
Search Sporcle
×
Quiz Lab
Quiz Lab
Music
Musical
Type in answers that appear in a list
Type in answers that appear in a list
Classic
Best Score? Go Orange.
Figure Out The Lyrics: The Simpsons Stats
Can you name the Lyrics of a song created and featured on 'The Simpsons'?
By
Devinel
10m
135 Questions
3,008 Plays
3,008 Plays
3,008 Plays
Comments
Comments
Give Quiz Kudos
Give Quiz Kudos
-
- Ratings
hide this ad
Replay
Link that replays current quiz
Next Quiz
Link to next quiz in quiz playlist
You Got
0%
They Got
Avg Score
38%
Avg Friend Score
Upgrade to see
Score Distribution
Jump to the score distribution portion of the page
Score
0/135
Timer
10:00
0
Plays Today
Lyrics
% Correct
a
96.7%
a
96.7%
a
96.7%
the
96.7%
the
96.7%
the
96.7%
the
96.7%
and
96.7%
and
96.7%
the
96.7%
I
89%
I
89%
I
89%
you
71.3%
it
59.7%
it
59.7%
it
59.7%
is
59.5%
be
58.5%
on
57.5%
on
57.5%
on
57.5%
no
53.5%
my
51.2%
my
51.2%
my
51.2%
my
51.2%
can
50.4%
what'd
49.2%
what
49.2%
your
45.6%
your
45.6%
your
45.6%
there's
45.3%
there
45.3%
are
45.1%
not
43.2%
Mono...
38.7%
as
37.9%
as
37.9%
could
37.9%
monorail!
37.4%
Monorail!
37.4%
Monorail
37.4%
monorail
37.4%
Lyrics
% Correct
Monorail!
37.4%
Monorail
37.4%
Monorail!
37.4%
Monorail!
37.4%
Monorail!
37.4%
Monorail!
37.4%
Monorail!
37.4%
Say
37.4%
us
37.1%
were
35.9%
But
35%
I'm
34.8%
all
34.4%
life
34.4%
it's
34.3%
man
33.8%
like
33.4%
good
32.7%
good
32.7%
has
32%
friend
31.9%
here
31.4%
by
31%
D'oh!
30.8%
about
29.7%
off
29.6%
up
29.5%
you'll
29.4%
hear
29.3%
hindu
28.8%
track
28%
bend?
27.7%
take
27.6%
chance
27.4%
those
26.6%
Well
25.8%
mom
25.8%
jobs
25.5%
sir
25.4%
sir
25.4%
came
25.3%
given
25%
only
24.9%
slobs?
24.8%
spoken
24.6%
Lyrics
% Correct
sorry
24.6%
What's
24.5%
What's
24.5%
cushy
24.4%
mob
24.4%
loud
24.3%
things
24.1%
Main
24%
pudding
23.7%
cloud
23.6%
broken...
23.5%
nothing
23.4%
still
23.2%
devil?
23.2%
level
23.1%
called?
23%
called
23%
sent
22.8%
dead
22.7%
ring
22.6%
penknife
22.4%
Street's
22.2%
cracked
22.2%
brain
22.1%
awfully
22%
softly
21.7%
again
21.2%
glides
21.1%
car
20.9%
voice!
20.7%
raise
20.6%
hands
20.2%
earth
20.2%
choice...
18.9%
Springfield's
18.7%
genuine
18.1%
throw
17.9%
bona
17.7%
swear
17.5%
fide
17.2%
once
17%
electrified
16.3%
six
16.3%
right!
14.4%
that's
14.1%
Quiz Playlist
Details
Report
Send in Message
Add To Playlist
Classic:
Type in answers that appear in a list
Last Updated: Feb 16, 2017
Quiz Scoreboard
CHALLENGE
Sign Up to Join the Scoreboard
Show All
Scores
Hide
Comments
May contain spoilers
Recently Published
Decade Duel: World Leaders
by jenniferyan
History
4m
Alphabetical 'K' Countries by Flag Minefield
by ylime102
Geography
3m
Pick 6: Fruits
by JohnFran
Miscellaneous
15s
More to Explore
Quiz From the Vault
Featured Blog Post
15 Basketball Trivia Facts You Can Be March Mad About
hide this ad
You Might Also Like...
Tags
Animation Quiz
Lyrics Quiz
Musical Quiz
Song Quiz
The Simpsons Quiz
TV Show Quiz
Character
Featured
Figure Out the Lyrics
Today's Top Quizzes in Music
Browse Music
hide this ad
Today's Top Quizzes in Musical
Browse Musical
Top Contributed Quizzes in Music
1
Taylor Swift All Songs (2024)
2
A Taylor Swift Logic Puzzle
3
KPOP LOGIC QUIZ
4
Taylor Swift Logic Puzzle
5
Guess the Taylor Swift song (Mystery Song)
6
Guess The Taylor Swift Lyrics Song #1
7
Kpop murder mystery 1
8
kpop group name match up
9
K-Pop : 100 Debut Songs (Part 1 of 3)
10
K-Pop Murder Mystery Logic Quiz
Explore More
Trending Topics
Crossword
NBA
Disney
Marvel
Harry Potter
Anime
Kpop
Country
WWE
Puzzle
The Office
Pokémon
Song
NFL
Soccer
hide this ad
More By:
Devinel
Quiz
Plays
Rating
Category
Featured
Created
'N'-Less States
412,756
4.52
Geography
Nov 10, 2010
The Simpsons A-Z
212,168
4.14
Television
Oct 1, 2010
The Keyboard Alphabet
199,587
3.17
Just For Fun
Oct 31, 2010
IMDb Movie Genres
100,556
4.38
Movies
Jan 9, 2011
Languages Spoken in Canada
74,478
4.62
Language
Oct 31, 2010
Go to Creator's Profile
Score Distribution
Quiz Creator Spotlight
Devinel
Follow
Send a Message
Quizzes Created
-
Created Quiz Play Count
-
More By This Creator
Popular Quizzes Today
1
Countries of Asia Without Outlines Minefield
2
Find the US States - No Outlines Minefield
3
Pick 6: Fruits
4
Alphabetical 'K' Countries by Flag Minefield
5
The Countries of the World
6
Find the Countries of Europe - No Outlines Minefield
7
Find the US States
8
US States
More Music Quizzes
Women Singers of the 1990s
Published
Trending Quizzes
Pick 6: Mountains
Pick 6: Harry Potter
Pick 6: Flags
Pick 6: NFL Teams
Pick 6: Movie Franchises
Recently Updated
Adaptations: Name the Title
pecheneg
NWSL Teams
pecheneg
Women's Final Four Teams by Year
bhenderson79
Presidents Quartet II
eogle
Anything But Clue(do)
eogle
Anything But Oceanian Capitals
eogle
Anything But 7
eogle
Anything But Thing
eogle
Word Ladder: February 29
pecheneg
Song Title Questions
pecheneg
Trending Topics
Anime
Disney
Crossword
Marvel
NBA
Harry Potter
Kpop
Pokémon
The Office
Puzzle
Soccer
WWE
Song
Country
NFL
Your Account Isn't Verified!
In order to create a playlist on Sporcle, you need to verify the email address you used during registration. Go to your
Sporcle Settings
to finish the process.
Report this User
Report this user for behavior that violates our
Community Guidelines
.
Details:
Send Report
Go to the Sporcle.com Mobile Site →
Comments